Statistiques concernant Culture Générale - Série 256

Cliquez ici pour prendre le quiz!

Statistiques générales

  • Ce quiz a été pris 640 fois
  • Le résultat moyen est 6 sur 10

Statistiques - réponses

QuestionRéponse% Correct
Dans quel pays la ville de Cadix est-elle située ?L'Espagne
93%
A quel pays l'île de Capri appartient-elle ?L'Italie
91%
Quelle est la couleur dominante du visage d'une personne rubiconde ?Rouge
91%
Sur quelle île française vivent les Caldoches et les Kanak ?La Nouvelle-Calédonie
69%
Quel nom d'oiseau donne-t-on à un morceau de sucre trempé dans du café ou de l'alccol ?Un canard
60%
A quel mot correspond le premier T du sigle RTT ?Temps
58%
Quel souverain français a été surnommé le Petit Caporal par ses soldats ?Napoléon Ier
56%
Que mangez-vous lorsque vous dégustez une carambole ?Un fruit
51%
Dans quelle ville du Canada les JO d'hiver se sont-ils déroulés en 1988 ?Calgary
36%
Quel autre nom donne-t-on au rat des champs ?Le campagnol
22%

Distribution des résultats

Percentile par nombre de réponses

% des personnes avec chaque résultat

Votre développement - résultats

Vous n’avez pas pris ce quiz